| 000 | 00684cam a22002177a 4500 | ||
|---|---|---|---|
| 005 | 20220329141314.0 | ||
| 008 | 971010s r 00010 d | ||
| 010 | _a66137 | ||
| 011 | _a67109 | ||
| 035 | _a76387 | ||
| 090 | _aR-6 | ||
| 100 | 0 | 0 |
_aFischer, Albert J. _941058 |
| 245 | 0 | _aComportamiento del dicamba en cuatro especies vegetales | |
| 500 | _aSobretiro de Weed science 19 (1): 71, 113,117, 1971 | ||
| 590 |
_aBATCH-UPD _b10 _c20130110 _lUCH01 _h0000 |
||
| 590 |
_aBATCH-UPD _b10 _c20130110 _lUCH01 _h1309 |
||
| 590 |
_aCONVERSION _b10 _c20130109 _lUCH01 _h1336 |
||
| 650 | 1 | 4 |
_aMalas hierbas _xControl. _970011 |
| 901 | _aBK | ||
| 949 |
_aR-6 _bZA _cLIBRO _d-9416 _eTS1 _i76387 _si |
||
| 999 |
_c66137 _d66137 |
||